00589 am a2200169 a 450000500170000000800410001702000150005804100080007310000240008124500680010525001190017326000510029230000170034365300160036070000240037670000190040020220913183345.0100702s2001||||mx a f |||| 001 0 spa d a9701033892 aspa1 aBehrman, Richard E. aNelson. Tratado de Pediatría. T.2.cBehrman, Richard E.nT.2. a16a ed.bRevisión Técnica Angel Hernando Saudan ; María Jesús del Sol Jaquotot y Elena de Terán Bleiberg aMéxico : bMcGraw-Hill Interamericanac2001. a1352-2609 p. aPediatría1 aKliegman, Robert M.1 aJenson, Hal B.